7-Letter Countries per Letter Quiz Stats

 Plays Quiz Updated Jul 14, 2016

Also try: 4-Letter Countries
Challenge
Share
Tweet
Embed
Score 0/18 Timer 03:00
16 Plays Today
Letter Countries % Correct
AAlbania, Algeria, Andorra, Armenia, Austria
94.1%
BBahamas, Bahrain, Belarus, Belgium, Bolivia, Burundi
91.1%
DDenmark
88.1%
GGeorgia, Germany, Grenada
86.5%
EEcuador, Eritrea, Estonia
84.9%
FFinland
82.3%
UUkraine, Uruguay
78.1%
IIceland, Ireland
77.6%
VVanuatu, Vietnam
73.4%
Letter Countries % Correct
NNamibia, Nigeria
72.2%
LLebanon, Lesotho, Liberia
70.1%
JJamaica
68.7%
MMoldova, Morocco, Myanmar
66.3%
HHungary
66.2%
CComoros, Croatia, Czechia
65.1%
RRomania
56.4%
SSenegal, Somalia
51.5%
TTunisia
38.8%

You're not logged in!

Compare scores with friends on all Sporcle quizzes.
Join for Free
OR
Log In

You Might Also Like...

Show Comments

Extras

Top Quizzes Today


Score Distribution

Your Account Isn't Verified!

In order to create a playlist on Sporcle, you need to verify the email address you used during registration. Go to your Sporcle Settings to finish the process.

Report this User

Report this user for behavior that violates our Community Guidelines.

Details: